Actitud (Registro nro. 25406)

Detalles MARC
000 -ENCABEZADO
Número de control [NR] 00822nam a2200217Ia 4500
008 - DE LONGITUD FIJA DE DATOS DE ELEMENTOS - INFORMACIÓN GENERAL
Elementos de longitud fija [NR] 130821s xx gs mul
020 ## - NUMERO INTERNACIONAL NORMALIZADO PARA LIBROS [R]
Número Internacional Normalizado del libro [NR] 9706250158
040 ## - FUENTE DE CATALOGACION [NR]
Agencia de catalogación original [NR] Co-BoUCM
Idioma de catalogación [NR] spa
041 00 - CODIGO DE IDIOMA [R]
Código de idioma para texto/pista de sonido o título separado [R] Español
-- Inglés
-- Portugués
-- Francés
092 ## - SIGNATURA TOPOGRAFICA LOCAL
Número de clasificación local CV 0488
092 ## - SIGNATURA TOPOGRAFICA LOCAL
Número de clasificación local DVD 0941
100 1# - ASIENTO PRINCIPAL--NOMBRE PERSONAL [NR]
Nombre personal [NR] Chapman, Elwood N.
ID Autoridad 157224
245 10 - MENCION DE TITULO [NR]
Título [NR] Actitud
Mención de responsabilidad, etc. [NR] Elwood N. Chapman
260 ## - PUBLICACION, DISTRIBUCION, ETC. (PIE DE IMPRENTA) [R]
Lugar de publicación, distribución, etc. [R] Grupo Editorial Iberoamerica
Nombre del editor, distribuidor, etc. [R] Mexico
Fecha de publicación, distribución, etc. [R] [fecha desconocida]
300 ## - DESCRIPCION FISICA [R]
Extensión [R] 1 videocasete vhs 20 min.
Material acompañante [NR] 1 DVD
500 ## - NOTA GENERAL [R]
Nota general [NR] Actitud su posesión más valiosa, la actitud es decisiva en el servicio al cliente, clases de actitudes, entrevistas a varios gerentes de empresas, ventajas de las actitudes
650 04 - ASIENTO SECUNDARIO DE MATERIA - TERMINO TEMATICO [R]
9 (RLIN) 435
Término temático o nombre geográfico como elemento de entrada [NR] Administración de empresas
650 04 - ASIENTO SECUNDARIO DE MATERIA - TERMINO TEMATICO [R]
Término temático o nombre geográfico como elemento de entrada [NR] Actitud (Psicología)
9 (RLIN) 8422
650 04 - ASIENTO SECUNDARIO DE MATERIA - TERMINO TEMATICO [R]
Término temático o nombre geográfico como elemento de entrada [NR] Servicio al cliente
9 (RLIN) 24256
942 ## - ELEMENTOS DE ENTRADA AGREGADOS (KOHA)
Tipo de ítem principal el descrito en 300a Libro
Sistema de clasificación LOCAL
Tema principal Administración
Edición 1
Existencias
Fecha de último préstamo Total préstamos Signatura topográfica Código de barras Última vez visto Ejemplar Price effective from Tipo de ítem Perdido Sistema de clasificación Dañado No prestable Tipo de ítem específico Suprimido Ubicación habitual Ubicación actual Localización Fecha de creación Forma de adquisición Costo
05/11/2005 1 CV 0488 100065662 31/07/2015 Ej.1 03/02/2013 Multimedia   DEWEY     Video   Bodega Bodega Préstamo 4 días después de solicitado 28/02/2003 Compra 371500.00
    CV 0488 100065866 22/03/2023 Ej.3 03/02/2013 Libro   LOCAL     Folleto   Bodega Bodega Préstamo 4 días después de solicitado 28/02/2004 Compra 371500.00
18/05/2012   DVD 0941 100124298 09/12/2025 Ej.1 03/02/2013 Multimedia   LOCAL   Préstamo restringido DVD   Procesos Técnicos Procesos Técnicos (no para préstamo) Procesos Técnicos 28/02/2012 Donación 0.00